| 000 | 02576nab a2200277 i 4500 | ||
|---|---|---|---|
| 003 | BR-BrBNA | ||
| 005 | 20250729170837.0 | ||
| 008 | 250729b2020 bl.ar|pooa||| 00| 0 por | | ||
| 040 |
_aBR-BrBNA _bpor |
||
| 072 | _aF70 | ||
| 100 | _aRodrigues, Erimágna de Morais | ||
| 100 | _aQueiroz, Rubens Teixeira de | ||
| 100 | _aSilva, Luan Pedro da | ||
| 100 | _aMonteiro, Fernanda Kalina da Silva | ||
| 100 | _aMelo, José Iranildo Miranda de | ||
| 245 | _aFabaceae em um afloramento rochoso no Semiárido brasileiro | ||
| 500 | _aPublicação on-line; 35 ref.; 1 table; 7 illus.; Summaries (En, Pt) | ||
| 520 | _a Resumo Este trabalho consiste no levantamento florístico-taxonômico de Fabaceae em um afloramento rochoso situado no Semiárido paraibano, Nordeste brasileiro. Foram registradas 28 espécies em 22 gêneros e três subfamílias: Caesalpinioideae (12 spp.), Detarioideae (1 spp.) e Papilionoideae (15 spp.). As espécies Ancistrotropis peduncularis, Crotalaria pallida e Mimosa acutistipula consistem em novos registros para a flora da Paraíba. Foram produzidas chaves dicotômicas para as subfamílias e respectivas espécies, descrições para gêneros e espécies, comentários taxonômicos, dados de distribuição geográfica, ambientes, floração, frutificação e imagens das espécies encontradas durante esse estudo. Palavras-chave: diversidade, flora, Leguminosae. Abstract The work consists of the floristic-taxonomic survey of Fabaceae in a rocky outcrop located in the semi-arid from Paraiba state, Northeast Brazil. Twenty-eight species in 22 genera and three subfamilies were found: Caesalpinioideae (12 spp.), Detarioideae (1 spp.) and Papilionoideae (15 spp.). The species Ancistrotropis peduncularis, Crotalaria pallida and Mimosa acutistipula are new records for the flora of Paraiba state. Dichotomous keys for subfamilies and respective species as well as descriptions for genera and species, taxonomic comments, geographic distribution data, environments, flowering, fruiting and images of the species found during this study are provided. Key words: diversity, flora, Leguminosae. | ||
| 650 | _aBIODIVERSIDADE | ||
| 650 | _aFLORA | ||
| 650 | _aLEGUMINOSAE | ||
| 773 | 0 |
_0709 _9353216 _dRio de Janeiro-RJ Jardim Botanico do Rio de Janeiro 1935 _o2025-4473 _tRodriguésia (Brazil) _x0370-6583; 2175-7860 on-line _gv. 71 p. 1-25; (2020) _wBR2025003338 |
|
| 856 | _uhttps://www.scielo.br/j/rod/a/r4x3LtCHt3Qsd3WJSPjL35z/?format=pdf&lang=pt | ||
| 942 | _cANA | ||
| 999 |
_c337365 _d337365 |
||